[Event "World Amateur-ch U1700"]
[Site "Cagliari"]
[Date "2018.04.26"]
[Round "6"]
[White "Iovannone, Cristiano"]
[Black "Svergina, Sofya"]
[Result "0-1"]
[WhiteElo "1578"]
[BlackElo "1618"]
[PlyCount "130"]
[EventDate "2018.04.22"]
[EventType "swiss"]
[EventRounds "9"]
[EventCountry "ITA"]
[SourceTitle "CBM 184 Extra"]
[Source "ChessBase"]
[SourceDate "2018.06.28"]
[SourceVersion "1"]
[SourceVersionDate "2018.06.28"]
[SourceQuality "1"]

1. c4 e6 2. Nc3 d5 3. cxd5 exd5 4. d4 Nf6 5. Nf3 c6 6. a3 Nbd7 7. g3 Be7 8. Bg2 0-0 9. 0-0 b6 10. b4 Bb7 11. Re1 Re8 12. Bg5 Ne4 13. Bxe7 Qxe7 14. Nxe4 dxe4 15. Nh4 g6 16. e3 Nf6 17. Bh3 Rad8 18. Qc2 h5 19. Rac1 Nh7 20. Qb3 Qf6 21. Bf1 Ng5 22. Qd1 Rd6 23. Qe2 Bc8 24. Bg2 Bg4 25. Qf1 Nf3+ 26. Nxf3 exf3 27. Bh3 Bxh3 28. Qxh3 Qe6 29. Qxe6 Rexe6 30. Rcd1 Re4 31. h4 f6 32. Kh2 Kf7 33. Rg1 Ke6 34. Kh3 f5 35. Rc1 Kd7 36. Rgd1 Rd5 37. Rd2 Rd6 38. Rdc2 Ree6 39. Kh2 Rd5 40. Kg1 Kc7 41. a4 a6 42. Ra2 Kb7 43. Rac2 Rd7 44. Kf1 Rdd6 45. Ra2 Rd5 46. Rcc2 Kc7 47. Rd2 Kd7 48. Ke1 Ke7 49. a5 b5 50. Rac2 Kf6 51. Kf1 g5 52. Rc5 gxh4 53. Rxd5 cxd5 54. gxh4 Rc6 55. Ke1 Rc4 56. Rb2 f4 57. Kd2 Kf5 58. Kd3 Rc1 59. Kd2 Rf1 60. Kd3 Rd1+ 61. Rd2 Rxd2+ 62. Kxd2 fxe3+ 63. Kxe3 Kg4 64. Kd2 Kh3 65. Ke3 Kg2 0-1

[Event "World Amateur-ch U1700"]
[Site "Cagliari"]
[Date "2018.04.25"]
[Round "5"]
[White "Iovannone, Cristiano"]
[Black "Mascia, Germano"]
[Result "0-1"]
[WhiteElo "1578"]
[BlackElo "1413"]
[PlyCount "62"]
[EventDate "2018.04.22"]
[EventType "swiss"]
[EventRounds "9"]
[EventCountry "ITA"]
[SourceTitle "CBM 184 Extra"]
[Source "ChessBase"]
[SourceDate "2018.06.28"]
[SourceVersion "1"]
[SourceVersionDate "2018.06.28"]
[SourceQuality "1"]

1. c4 Nf6 2. Nc3 g6 3. Nf3 Bg7 4. g3 Nc6 5. Bg2 d6 6. 0-0 0-0 7. d3 Bg4 8. Rb1 a5 9. Bd2 Qd7 10. a3 Bh3 11. b4 axb4 12. axb4 Bxg2 13. Kxg2 e5 14. b5 Ne7 15. Ra1 Ng4 16. e4 f5 17. h3 Nf6 18. Qb3 Kh8 19. Rxa8 Rxa8 20. Ng5 fxe4 21. dxe4 h6 22. Nf3 Nc8 23. Be3 Kh7 24. Nd5 Nxd5 25. cxd5 Qf7 26. Rc1 b6 27. Rc4 Ra5 28. Qc3 Ra7 29. Bxb6 Nxb6 30. Rc6 Nc8 31. Nd2 Ne7 0-1

[Event "World Amateur-ch U1700"]
[Site "Cagliari"]
[Date "2018.04.24"]
[Round "4"]
[White "Cavazzoni, Carlo Alberto"]
[Black "Iovannone, Cristiano"]
[Result "1/2-1/2"]
[WhiteElo "1533"]
[BlackElo "1578"]
[PlyCount "51"]
[EventDate "2018.04.22"]
[EventType "swiss"]
[EventRounds "9"]
[EventCountry "ITA"]
[SourceTitle "CBM 184 Extra"]
[Source "ChessBase"]
[SourceDate "2018.06.28"]
[SourceVersion "1"]
[SourceVersionDate "2018.06.28"]
[SourceQuality "1"]

1. Nf3 f5 2. c4 Nf6 3. Nc3 e6 4. g3 d5 5. cxd5 exd5 6. d4 c6 7. Bg5 Be7 8. Bg2 0-0 9. 0-0 Ne4 10. Bxe7 Qxe7 11. Ne5 Nd7 12. Nxd7 Bxd7 13. Nxe4 fxe4 14. e3 Rf7 15. Rc1 Raf8 16. a3 Qg5 17. Rc5 h5 18. h4 Qg4 19. Qxg4 Bxg4 20. Rc2 Rf5 21. Kh2 Kh7 22. Bh3 Bxh3 23. Kxh3 Rf3 24. Kg2 Kg6 25. b4 a6 26. Rfc1 1/2-1/2

[Event "Lisbon Portugal rapid op"]
[Site "Lisbon"]
[Date "2017.02.11"]
[Round "5"]
[White "Iovannone, Cristiano"]
[Black "Pena, Helio Adelino Silva"]
[Result "0-1"]
[WhiteElo "1660"]
[BlackElo "1889"]
[PlyCount "48"]
[EventDate "2017.02.11"]
[EventType "swiss (rapid)"]
[EventRounds "8"]
[EventCountry "POR"]
[SourceTitle "CBM 176 Extra"]
[Source "ChessBase"]
[SourceDate "2017.03.02"]
[SourceVersion "1"]
[SourceVersionDate "2017.03.02"]
[SourceQuality "1"]

1. c4 Nf6 2. Nc3 e6 3. Nf3 Bb4 4. g3 0-0 5. Bg2 Re8 6. 0-0 c6 7. a3 Bxc3 8. bxc3 d5 9. cxd5 exd5 10. d3 Bg4 11. Rb1 Qd7 12. Re1 Na6 13. Bd2 b6 14. Kf1 h6 15. Qc1 Kh7 16. c4 Bxf3 17. Bxf3 d4 18. a4 Qh3+ 19. Bg2 Qxh2 20. Bxc6 Ng4 21. Bg2 Re6 22. f3 Qxg3 23. fxg4 Rf6+ 24. Kg1 Rf2 0-1

[Event "Lisbon Portugal op"]
[Site "Lisbon"]
[Date "2017.02.06"]
[Round "5"]
[White "Iovannone, Cristiano"]
[Black "Ferreira, Miguel Limao"]
[Result "0-1"]
[WhiteElo "1660"]
[BlackElo "1431"]
[PlyCount "118"]
[EventDate "2017.02.04"]
[EventType "swiss"]
[EventRounds "9"]
[EventCountry "POR"]
[SourceTitle "CBM 176 Extra"]
[Source "ChessBase"]
[SourceDate "2017.03.02"]
[SourceVersion "1"]
[SourceVersionDate "2017.03.02"]
[SourceQuality "1"]

1. c4 Nf6 2. Nc3 g6 3. g3 Bg7 4. Bg2 0-0 5. Nf3 d6 6. 0-0 Nc6 7. d3 e5 8. Bd2 Re8 9. Re1 Ne7 10. Rb1 Nh5 11. b4 f5 12. e3 Nf6 13. a4 h6 14. h4 Ng4 15. b5 Rb8 16. Nh2 Nxh2 17. Kxh2 b6 18. Ne2 Bb7 19. Bxb7 Rxb7 20. Nc3 d5 21. Nxd5 Nxd5 22. cxd5 Qxd5 23. Qb3 Rd8 24. Qxd5+ Rxd5 25. Rb3 e4 26. d4 Rb8 27. Rc1 Rc8 28. Rc6 Rd6 29. Rbc3 Rxc6 30. Rxc6 g5 31. hxg5 hxg5 32. Rg6 g4 33. Rg5 Rf8 34. Rg6 Rf6 35. Rxf6 Bxf6 36. Bb4 Kf7 37. Kg1 Ke6 38. Kf1 Kd5 39. Bf8 Kc4 40. Ke2 Kb3 41. Kd2 Kxa4 42. Kc3 Kxb5 43. Kb3 Kc6 44. Kc4 b5+ 45. Kb4 a6 46. Ka5 Kb7 47. Bc5 c6 48. Kb4 Bd8 49. Kc3 Ba5+ 50. Kb3 Be1 51. Bd6 Bxf2 52. Bf4 Be1 53. Bd6 Ba5 54. Ka3 Bc7 55. Be5 Bxe5 56. dxe5 Kc7 57. Kb4 Kd7 58. Kc5 Ke6 59. Kxc6 b4 0-1